Η Κύπρος με Εικόνες - Statistics

General Stats
  • This quiz has been taken 16 times
  • The average score is 9 of 18
Answer Stats
Picture Hint Answer % Correct
Τυρί Χαλούμι
85%
Ελληνίδα Θεά Αφροδίτη
85%
Πρωτεύουσα Λευκωσία
77%
Ταινία Αλέξης Ζορμπάς
77%
Πρώτος Πρόεδρος Μακάριος
77%
Θρησκεία Ορθόδοξος Χριστιανισμός
69%
Πόλη Λεμεσός
69%
Πρώην αποικιοκράτης Ηνωμένο Βασίλειο
62%
Ιστορικό Γεγονός Τουρκική εισβολή του 1974
46%
Παραθαλάσσιο Θέρετρο Αγία Νάπα
38%
Οδός Οδός {Λήδρας}
31%
Όρος Όλυμπος
31%
Ψευδοκράτος που δεν αναγνωρίζεται από τον ΟΗΕ Βόρεια Κύπρος
31%
Οροσειρά Τρόοδος
31%
Αποστρατιωτικοποιημένη Ζώνη Πράσινη Γραμμή
23%
Αρχαία Πόλη Σαλαμίνα
15%
Παραδοσιακή Τέχνη Λευκαρίτικα
15%
Μουσουλμανικό Τέμενος Χαλά Σουλταν Τεκέ
8%
No matching quizzes found
Score Distribution
Percent of People with Each Score
Percentile by Number Answered
Your Score History
You have not taken this quiz